| 000 | 00404cam a2200157ua 4500 | ||
|---|---|---|---|
| 041 |
_aeng _h |
||
| 082 |
_a338.1 _bSCH/TR |
||
| 100 | _aSchultz, Theodore.W . | ||
| 245 |
_aTransforming traditional agriculture / _cW Theodore Schultz. _hTextual Documents |
||
| 250 |
_a1 / _b. |
||
| 260 |
_a : _bYale university press , _c1964. |
||
| 300 | _a212 ; . | ||
| 504 | _a | ||
| 942 | _cBK | ||
| 999 |
_c2124 _d2124 |
||